| 000 | 00488nam a2200157 i 4500 | ||
|---|---|---|---|
| 001 | 39343 | ||
| 003 | ES-MaACL | ||
| 005 | 20230906155943.0 | ||
| 007 | t| | ||
| 008 | 030227s1952 sp ||||1| spa d | ||
| 100 | 1 |
_aCalle Iturrino, Esteban. _933706 |
|
| 245 | 1 | 0 |
_aTamboril _b: poesías montañeras de mi pais / _cE. Calle Iturrino. |
| 260 |
_aBilbao : _b[s.n., _c1952] ( _fImp. Provincial de Vizcaya) |
||
| 300 |
_a110 p. : _bretr. aut. ; _c18 cm. |
||
| 852 |
_aES-MaACL _jD-8147 _bR.32258 |
||
| 999 |
_c39343 _d39343 |
||